Has Anyone Ever Done It - U.S. Sports - Statistics

General Stats
  • This quiz has been taken 16,235 times
  • The average score is 10 of 15
Answer Stats
Question Answer % Correct
Been unable to bench press 185 lbs at the NBA combine - but still gotten drafted? Yes
90%
Scored a goal in hockey from the goalie position Yes
89%
Scored 100 points in a single NBA game? (a single player, not a team) Yes
83%
Been heavyweight boxing champion over the age of 40? Yes
81%
Died after being hit by a foul ball in a Major League game, including fans? Yes
78%
Bowled a perfect series (3 perfect games in a row)? Yes
77%
Run an electrically-timed 40 yard dash in less than 4 seconds? No
69%
Bench pressed over 1000 lbs without the aid of a "bench press shirt"? No
66%
Struck out all 27 batters in a Major League baseball game? No
63%
Played in the NFL, NBA, and MLB? No
63%
Won every single game in an NFL season, including the playoffs and Super Bowl? Yes
63%
Shot two consecutive holes-in-one on the PGA tour? No
58%
Recorded a vertical leap of at least 5 feet (60") in the NFL combine? No
54%
Played an NFL game with a score that ended in a 2-2 tie No
46%
Hit five home runs in a single Major League baseball game No
41%
No matching quizzes found
Score Distribution
Percent of People with Each Score
Percentile by Number Answered
Your Score History
You have not taken this quiz